000 02599cam a22004454i 4500
003 PE-LiUPU
005 20250731183413.0
008 180724s2017 sp a r 000 0 spa d
020 _a9788416851157
035 _a(Sirsi) a249355
040 _aPE-LiUPU
_bspa
_cPE-LiUPU
_erda
041 1 _aspa
_hita
049 _aPRUA
082 0 4 _a720.47
_bA6
_220
130 _aSustainable architecture
_lItaliano-Español
245 0 0 _aArchitettura sostenibile :
_bdettagli nell'architettura contemporanea = Arquitectura sostenible : detalles en arquitectura contemporánea /
_c[créditos de las imágenes, Cristóbal Palma ... et al. ; traducción al español, Jordi Trilla Segura].
246 3 1 _aArquitectura sostenible : detalles en arquitectura contemporánea
250 _aPrimera edición en italiano y español.
264 1 _aBarcelona :
_bPromopress,
_c2017.
300 _a239 páginas :
_bilustraciones ;
_c31 centímetros
336 _aImagen (fija ; bidimensional ; visual)
_aTexto (visual)
337 _asin mediación
_2isbdmedia
338 _avolume
_2rdacarrier
505 0 _aIntroducción -- Respetando el medio ambiente -- Tierra Patagonia hotel -- Fábrica -- Centro del arte contemporáneo -- Centro medico para el tratamiento del cólera -- Hospital para el tratamiento del cólera -- Guardería municipal -- Residencia de artistas y centro cultural -- Residencia de estudiantes -- Casa de huéspedes -- Complejo de servicios -- Complejo de viviendas sociales -- Residencia privada -- Rascacielos de oficinas -- Casa de té Rockview -- Casa dividida en el patio -- Instituto de ingeniería y tecnología de la universidad de Ahmedabad -- Residencia privada -- Centro de visitantes del campus Navartis -- Residencia privada -- Departamento de arte -- Centro de arquitectura y diseño paisajístico de la universidad estatal de Kent.
526 _aP158
526 _aP146
526 _aP17
526 _aP12
526 _aP06
534 _pTítulo original :
_tSustainable architecture
541 _g003-002098;
650 1 7 _aArquitectura sostenible
_2embne
700 1 _aTrilla Segura, Jordi,
_etraductor.
700 1 _aPalma, Cristóbal
_efotógrafo
_4pht
910 _adbm
_bcsm
_ccsm
_d20180725
942 _2ddc
_cBOOK
994 _aC0
_bPEPRU
596 _a1
999 _a720.47 A6
_wDEWEY
_c28922
_i79125
_d28922
_e2022-6-9
_f2021-11-9
_g4
_lCCODEBUL1
_mBUL
_n7
_p54.68
_q9
_r0
_sY
_tBOOK
_u2018-7-24
_xINGENIERIA
_PP25
_0COMPRA
_1FCOMPRA
_o.STAFF. Colección Ingeniería y Arquitectura
980 _81
_gALBERTO SANCHEZ Responsable de Automatización